000 00256nam a22001217a 4500
008 180427b xxu||||| |||| 00| 0 eng d
041 _aeng
080 _a043.3
100 _a0
101 _aSHJ=BA
245 _aIncoterm - At
_cAhmeti, M
942 _2udc
_cBK
999 _c45626
_d45626